00459nam a2200121 4500082001200000100001800012245012500030260006000155300001000215650003000225650005300255650002900308 aRQ.0020 aAkundy, Anand aCommunity participation initiatives of the Indian health Sector:bAn anthropological study using the capability approach aNew Delhi :bIndian Council of Social Science Research, a141p. aCommunity programs, Urban aCommunity health services--Citizen participation aInvolvement (Philosophy)